How green a recession? (Record no. 109222)

MARC details
000 -LEADER
fixed length control field 01346cad a22002175a 4500
001 - CONTROL NUMBER
control field L146574
008 - FIXED-LENGTH DATA ELEMENTS--GENERAL INFORMATION
fixed length control field 090204s2009 xxuad f s 000 0 eng d
035 ## - SYSTEM CONTROL NUMBER
System control number (Sirsi) u146574
041 0# - LANGUAGE CODE
Language code of text/sound track or separate title eng
100 1# - MAIN ENTRY--PERSONAL NAME
Personal name Nelson, Andrew J.
245 00 - TITLE STATEMENT
Title How green a recession?
Remainder of title sustainability prospects in the US real estate industry
Medium [electronic resource]
260 ## - PUBLICATION, DISTRIBUTION, ETC.
Place of publication, distribution, etc. [S.l.]
Name of publisher, distributor, etc. RREEF
Date of publication, distribution, etc. 2009
490 04 - SERIES STATEMENT
Series statement RREEF Research
Volume/sequential designation (70) January 2009
520 ## - SUMMARY, ETC.
Summary, etc. Reports on a research done to measure the impact of the American recession on sustainable real estate. Finds that the recession will not stop the market interest for sustainable buildings but will only slow it down. The crisis reduces the quantity of new buildings developed, but the amount of sustainable buildings in construction and those completed, awaiting certification will be sufficient to fill the market needs through the recession. Suggests that several market forces, including government policies and tenant demand, will continue to encourage sustainability.
590 ## - LOCAL NOTE (RLIN)
Local note KA NTK
651 #4 - SUBJECT ADDED ENTRY--GEOGRAPHIC NAME
Geographic name United States
Chronological subdivision 1959-
690 ## - LOCAL SUBJECT ADDED ENTRY--TOPICAL TERM (OCLC, RLIN)
Topical term or geographic name as entry element PROPERTY-COMMERCIAL PROPERTY-COMMERCIAL PROPERTY MARKET
690 ## - LOCAL SUBJECT ADDED ENTRY--TOPICAL TERM (OCLC, RLIN)
Topical term or geographic name as entry element BUILT ENVIRONMENT-SUSTAINABLE CONSTRUCTION
856 40 - ELECTRONIC LOCATION AND ACCESS
Uniform Resource Identifier <a href="https://www.rreef.com/cps/rde/xchg/ai_en/hs.xsl/3157.html">https://www.rreef.com/cps/rde/xchg/ai_en/hs.xsl/3157.html</a>
Public note View the report free of charge at www.rreef.com....
942 ## - ADDED ENTRY ELEMENTS (KOHA)
Suppress in OPAC 0
Holdings
Withdrawn status Lost status Source of classification or shelving scheme Damaged status Not for loan Home library Current library Shelving location Date acquired Total Checkouts Full call number Barcode Date last seen Copy number Price effective from Koha item type
    Dewey Decimal Classification     Virtual Virtual Online 04/02/2009   ONLINE PUBLICATION 146574-2001 06/08/2019 1 06/08/2019 Book